| 000 | 00458nam a2200181Ia 4500 | ||
|---|---|---|---|
| 001 | 16628 | ||
| 005 | 20260306170323.0 | ||
| 008 | 260306t2023||||xx |||||||||||||| ||und|| | ||
| 041 | _aESP | ||
| 082 |
_a348.8 _bT22T |
||
| 100 |
_aTarazona Pinedo, Manolo Narciso, _eAUT |
||
| 245 | 0 | _aTratamiento jurisprudencial del despido laboral | |
| 260 | _c2023 | ||
| 300 |
_a287 páginas : _c25 cm. |
||
| 650 | _aGEN | ||
| 654 | _aCDE | ||
| 942 |
_cLIB _dJUS _fJUS _2ddc _n |
||
| 999 |
_c16628 _d16628 |
||